[Event "Floripa Chess Open 2024"]
[Site "Florianopolis"]
[Date "2024.01.26"]
[Round "8.222"]
[White "Pontes, Larissa Amelio De O"]
[Black "Sikorski, Valentim Enrico"]
[Result "1-0"]
[WhiteElo "1019"]
[BlackElo "1636"]
[PlyCount "89"]
[EventDate "2024.01.20"]
[EventRounds "10"]
[EventCountry "BRA"]

1. e4 c5 2. Nc3 e6 3. g3 a6 4. Bg2 Qc7 5. d3 Nc6 ({RR} 5... d6 6. f4 b5 7. Nf3
Bb7 8. O-O Nd7 9. Qe2 Ne7 10. b3 Nc6 11. Bb2 Be7 12. Rae1 Nd4 13. Nxd4 cxd4 14.
Nd1 e5 15. c3 dxc3 16. Bxc3 O-O 17. d4 exd4 18. Bxd4 Bf6 19. Be3 Rfe8 20. Nf2 {
Qi,J-Torre,E (2490) Buenos Aires 1978 1/2-1/2 (65)}) ({RR} 5... Nf6 6. a4 d6 7.
Nge2 Be7 8. h3 Nbd7 9. f4 Rb8 10. O-O b5 11. Be3 O-O 12. Nc1 b4 13. N3e2 Bb7
14. g4 Rfd8 15. Ng3 d5 16. e5 Ne8 17. Nce2 d4 18. Bf2 Bxg2 19. Kxg2 b3 20. c3 {
Sewak,A (1412)-Azhar,P (1783) Chess.com 2021 0-1 (85)}) 6. Nge2 Nf6 7. Bg5 $146
({RR} 7. f4 d6 8. h3 Be7 9. O-O b6 10. Be3 Bb7 11. Qd2 O-O 12. g4 Rad8 13. g5
Ne8 14. f5 exf5 15. Nd5 Qb8 16. exf5 Nc7 17. f6 Nxd5 18. Bxd5 gxf6 19. Bxc6
Bxc6 20. gxf6 Bxf6 21. Rxf6 Kh8 {Korman,M (1711)-Goepel,M (1476) Willingen
2003 1-0}) ({RR} 7. O-O d6 8. d4 cxd4 9. Nxd4 Be7 10. Nxc6 bxc6 11. Re1 Rb8 12.
e5 dxe5 13. Rxe5 Nd5 14. Nxd5 cxd5 15. Re1 O-O 16. b3 Rd8 17. Bb2 f6 18. Qe2 e5
19. c4 dxc4 20. bxc4 Be6 21. Rac1 Bb4 {Krmpotic,K-Turk,T (1750) Topusko 2010
0-1}) ({RR} 7. a4 Be7 8. O-O d6 9. f4 Nd4 10. Kh1 Bd7 11. Be3 Nxe2 12. Qxe2 Bc6
13. g4 h5 14. g5 Ng4 15. Bg1 f6 16. h4 O-O-O 17. a5 Rhe8 18. b4 d5 19. bxc5
fxg5 20. hxg5 dxe4 21. Bxe4 Bf8 {Bouzas Arcos,J (1774)-Ruiz Planas,A (2002)
Santa Eulalia de Roncana 2009 1-0 (43)}) 7... Be7 8. a3 O-O 9. O-O b5 10. h3 b4
11. axb4 cxb4 12. Na2 h6 13. Be3 Bb7 14. Qd2 Rad8 15. c3 Rfe8 16. cxb4 Qe5 17.
Rab1 Qb5 18. f4 Nxb4 19. Nxb4 Bxb4 20. Nc3 d5 21. Qc2 d4 22. Nxb5 axb5 23. Bd2
Bxd2 24. Qxd2 Rc8 25. e5 Bxg2 26. Kxg2 Nd5 27. f5 exf5 28. Rxf5 Ne7 29. Rf4 Nd5
30. Rxd4 Rxe5 31. Re1 Rxe1 32. Qxe1 Rc2+ 33. Kf3 Nf6 34. Rd8+ Kh7 35. h4 Rxb2
36. g4 Rh2 37. g5 hxg5 38. hxg5 Nh5 39. Qe4+ f5 40. Qxf5+ g6 41. Qf8 Rh3+ 42.
Ke4 Rh4+ 43. Kd5 Nf4+ 44. Kd6 Nxd3 45. Qh8# 1-0

[Event "Floripa Chess Open 2024"]
[Site "Florianopolis"]
[Date "2024.01.26"]
[Round "8.223"]
[White "Justiniano Flores, Tsuyoko Fernanda"]
[Black "Da Rosa, Pauline Cardoso"]
[Result "0-1"]
[WhiteElo "1800"]
[BlackElo "1800"]
[PlyCount "60"]
[EventDate "2024.01.20"]
[EventRounds "10"]
[EventCountry "BRA"]

1. e4 c6 2. d4 d5 3. e5 Bf5 4. Nc3 e6 5. Bf4 ({RR} 5. Bd3 Ne7 6. Nf3 Bxd3 7.
Qxd3 Nf5 8. O-O h5 9. Ne2 Be7 10. Ng3 g6 11. Nxf5 gxf5 12. b3 Nd7 13. c4 Nf8
14. a4 Ng6 15. Ba3 Bxa3 16. Rxa3 Rg8 17. Qe3 Qe7 18. c5 Nh4 19. Nxh4 Qxh4 {
Korneev,O (2551)-Ubilava,E (2552) Elgoibar 2002 1/2-1/2 (36)}) 5... Bb4 6. a3
$146 ({RR} 6. Bd3 Bxd3 7. Qxd3 Ne7 8. Nf3 a6 9. O-O c5 10. a3 Bxc3 11. Qxc3
cxd4 12. Nxd4 O-O 13. Rfe1 Nbc6 14. Nxc6 Nxc6 15. Rad1 Rc8 16. Qg3 Ne7 17. Rd2
Qa5 18. Red1 Nf5 19. Qb3 Rc4 20. g3 Qc7 {Ypma,P-Van Thillo,Q Hengelo 2004 1/
2-1/2 (44)}) ({RR} 6. Bd2 Qh4 7. a3 Bxc3 8. Bxc3 Qe4+ 9. Ne2 Qxc2 10. Ng3 Ne7
11. Nxf5 Qxd1+ 12. Rxd1 Nxf5 13. b4 Nd7 14. Bd3 O-O 15. Bxf5 exf5 16. O-O Rfe8
17. Rfe1 Re6 18. Rb1 a6 19. a4 b5 20. a5 Rae8 {Guimaraes Filho,D (1781)
-Correia,V (1494) Sao Paulo 2012 0-1 (58)}) ({RR} 6. Qd2 Ne7 7. a3 Qa5 8. Nge2
Nd7 9. Rc1 Bxc3 10. Nxc3 O-O 11. Bd3 b5 12. O-O Qb6 13. Be3 a5 14. b4 Ra7 15.
Rfe1 Rfa8 16. Ne2 Nf8 17. Ng3 Bg6 18. c3 axb4 19. axb4 Ra2 20. Qd1 Qa6 {
Ner,P-Skoczek,K Sielpia 2009 1/2-1/2 (36)}) 6... Bxc3+ 7. bxc3 Ne7 8. Be2 Nd7
9. Nf3 h6 10. h3 O-O 11. O-O Qc7 12. Qe1 Bxc2 13. Rc1 Bf5 14. c4 dxc4 15. Rc3
Nd5 16. Bh2 Nxc3 17. Qxc3 b5 18. Re1 c5 19. dxc5 Qxc5 20. Bd1 Rfd8 21. Re3 Nb6
22. Be2 Nd5 23. Qc1 Nxe3 24. fxe3 Rd7 25. Nh4 Rad8 26. Kf2 Bd3 27. Bxd3 Rxd3
28. Qc2 Rd2+ 29. Ke1 Qxe3+ 30. Kf1 Qf2# 0-1

[Event "Floripa Chess Open 2024"]
[Site "Florianopolis"]
[Date "2024.01.26"]
[Round "8.224"]
[White "Port, Ana Lucia Capriles"]
[Black "De Oliveira, Rosa Emilia Trizott"]
[Result "1-0"]
[WhiteElo "1721"]
[BlackElo "1800"]
[PlyCount "47"]
[EventDate "2024.01.20"]
[EventRounds "10"]
[EventCountry "BRA"]

1. e4 e5 2. Nf3 Nf6 3. Bc4 Nxe4 4. Nxe5 d6 ({RR} 4... Nd6 5. Qe2 Be7 6. Bb3 O-O
7. O-O Bf6 8. d4 Nc6 9. c3 Re8 10. Bf4 Na5 11. Qd3 Nxb3 12. axb3 b6 13. Re1 Bg5
14. g3 Bxf4 15. gxf4 Qh4 16. Qg3 Qh6 17. Nd2 Bb7 18. Nxd7 Nf5 19. Qg4 {
Gonzalez,B (2285)-Mermoud,A Switzerland 1995 0-1 (58)}) ({RR} 4... Bc5 5. Nxf7
Nxf2 6. Qf3 O-O 7. Nxd8+ d5 8. Bxd5+ Kh8 9. Qc3 h6 10. Ne6 Rf5 11. Qxc5 Nd7 12.
Qxc7 Nf6 13. Bxb7 Bxb7 14. Qxg7# {1-0 (14) Avsar,B-Altun,E Konya 2017}) 5. Nxf7
Qd7 6. Nxh8 d5 $146 ({RR} 6... Qd8 7. Nf7 Bd7 8. Nxd8 Kxd8 9. O-O h6 10. Nc3
Be8 11. Nxe4 h5 12. d4 Bd7 13. Bd5 Bg4 14. Qd3 Bd7 15. Bxb7 Bc6 16. Bxa8 Bxa8
17. Qb5 Bxe4 18. Qxb8+ Ke7 19. f3 Bxc2 20. Bg5+ Kf7 21. Qxc7+ {Meusel,L-Faiez,
D Osterode 1999 1-0}) 7. Qh5+ g6 8. Qxd5 Bd6 9. Qxe4+ Kd8 10. Nf7+ Qxf7 11.
Bxf7 Be5 12. Qxe5 Bd7 13. O-O c5 14. Re1 Nc6 15. Qxc5 h5 16. Qf8+ Be8 17. Rxe8+
Kd7 18. Rxa8 Nd8 19. Rxd8+ Kc6 20. Qd6+ Kb5 21. Nc3+ Ka5 22. Rc8 h4 23. Rc5+
Kb4 24. Qd4# 1-0

[Event "Floripa Chess Open 2024"]
[Site "Florianopolis"]
[Date "2024.01.27"]
[Round "9.11"]
[White "Perez, Maximiliano"]
[Black "Gauche, Charles"]
[Result "1-0"]
[WhiteElo "2383"]
[BlackElo "2182"]
[PlyCount "195"]
[EventDate "2024.01.20"]
[EventRounds "10"]
[EventCountry "BRA"]

1. e4 c5 2. g3 Nc6 3. Bg2 g6 4. c3 Bg7 5. Ne2 e5 6. O-O d6 7. d3 Be6 ({RR} 7...
f5 8. Be3 Nf6 9. h3 O-O 10. exf5 gxf5 11. d4 cxd4 12. cxd4 Kh8 13. Nbc3 Bd7 14.
Nb5 Ne8 15. dxe5 dxe5 16. Bc5 Rf6 17. f4 e4 18. Qd2 Qa5 19. Qxa5 Nxa5 20. Nbc3
Rg6 21. Rfd1 Be6 22. Nd4 {Kuzmicz,K (2417)-Mista,A (2563) Warsaw 2009 0-1 (31)}
) ({RR} 7... h5 8. Be3 h4 9. d4 Nf6 10. d5 Ne7 11. f3 h3 12. Bh1 O-O 13. a4 b6
14. Qd3 Bd7 15. Nd2 a6 16. b4 Qc7 17. a5 c4 18. Qxc4 Qb8 19. Qa2 b5 20. c4 bxc4
21. Nxc4 Nexd5 22. exd5 {Chen,Z (1899)-Hong,X (1941) Tianjin CHN 2023 1-0 (36)}
) 8. a3 Qd7 $146 ({RR} 8... h5 9. f4 Nh6 10. f5 gxf5 11. Bxh6 Bxh6 12. exf5 Bc8
13. Nd2 Ne7 14. g4 hxg4 15. Ng3 Be3+ 16. Kh1 Nxf5 17. Nxf5 Bxf5 18. Qe1 Qg5 19.
Rxf5 Qh6 20. Nf1 Bf4 21. Rxf4 Qxf4 22. Bxb7 Rb8 23. Bc6+ {Trommsdorf,U (2043)
-Goldenstein,A (1930) Germany 2007 1-0 (39)}) 9. Be3 Nge7 10. Qd2 Na5 11. Nc1
b6 12. b4 Nac6 13. Ne2 O-O 14. Bh6 d5 15. Bxg7 Kxg7 16. bxc5 bxc5 17. Qc2 dxe4
18. dxe4 Rfd8 19. Nc1 Na5 20. Bf3 Qb7 21. Nd2 Rab8 22. Rb1 Qc7 23. Rxb8 Qxb8
24. Rd1 c4 25. Nf1 Nb3 26. Ne3 Rxd1+ 27. Bxd1 Qd6 28. Nxc4 Bxc4 29. Nxb3 Qxa3
30. Nd2 Be6 31. Nf3 Qc5 32. Qd2 a5 33. Kg2 Nc8 34. h4 h5 35. Ng5 Bc4 36. Be2
Bb3 37. c4 Nb6 38. Qc3 a4 39. Nf3 f6 40. Nd2 Qd4 41. Qb4 Nd7 42. Nf3 Qxe4 43.
Qe7+ Kh6 44. Qd8 g5 45. hxg5+ fxg5 46. Qxg5+ Kh7 47. Qe7+ Kg8 48. Qxd7 Qxe2 49.
Qe8+ Kg7 50. Qe7+ Kg8 51. Nxe5 Qe4+ 52. Kh2 Qf5 53. f4 Bc2 54. Qa7 h4 55. Qe7
hxg3+ 56. Kxg3 Qf8 57. Qe6+ Kh8 58. Nf7+ Kg7 59. Ng5 Bf5 60. Qe5+ Kh6 61. Qa5
Bd7 62. c5 Qf5 63. Qb4 Qg4+ 64. Kf2 Bc6 65. Qd4 Qh4+ 66. Ke2 Qh2+ 67. Ke1 Qh1+
68. Ke2 Qg2+ 69. Kd3 Qf1+ 70. Kc2 Qe2+ 71. Kc1 Qe1+ 72. Kb2 a3+ 73. Kxa3 Qc1+
74. Kb3 Qb1+ 75. Qb2 Qd3+ 76. Qc3 Bd5+ 77. Kb4 Qb1+ 78. Ka5 Kg6 79. c6 Qa2+ 80.
Kb5 Kf5 81. c7 Bb7 82. Qe5+ Kg4 83. Ne6 Qa6+ 84. Kb4 Qb6+ 85. Kc3 Qb1 86. Nc5
Bc8 87. Nd3 Qa1+ 88. Kb4 Qb1+ 89. Kc3 Qa1+ 90. Kd2 Qa2+ 91. Ke3 Qg8 92. Nf2+
Kh4 93. Ne4 Qg1+ 94. Kd2 Qg2+ 95. Kc3 Qf3+ 96. Kb4 Qe3 97. Qh8+ Kg4 98. Qxc8+
1-0

[Event "Floripa Chess Open 2024"]
[Site "Florianopolis"]
[Date "2024.01.27"]
[Round "9.12"]
[White "Umetsubo, Cesar Hidemitsu"]
[Black "Nemeth Junior, Henrique"]
[Result "1/2-1/2"]
[WhiteElo "2349"]
[BlackElo "2147"]
[PlyCount "72"]
[EventDate "2024.01.20"]
[EventRounds "10"]
[EventCountry "BRA"]

1. d4 Nf6 2. Nf3 g6 3. c4 Bg7 4. Nc3 O-O 5. Bg5 c5 6. e3 Qa5 7. Qd2 h6 ({RR} 
7... Nc6 8. d5 Nb4 9. Be2 b5 10. Bxf6 Bxf6 11. cxb5 Bb7 12. e4 a6 13. b6 c4 14.
O-O Rfc8 15. a3 Nd3 16. Bxd3 cxd3 17. e5 Bg7 18. Qe3 Qc5 19. Rfd1 d6 20. Rxd3
dxe5 21. Nxe5 Bxe5 22. Qxe5 {Scekic,M (2400)-Brenjo,S (2460) Mataruska Banja
1997 0-1 (41)}) 8. Bxf6 exf6 9. Nd5 $146 ({RR} 9. Be2 cxd4 10. Nxd4 a6 11. Nd5
Qd8 12. O-O Nc6 13. Rfd1 f5 14. Nf3 b5 15. cxb5 axb5 16. Bxb5 Rb8 17. a4 Na7
18. Nd4 Bb7 19. Nc3 Re8 20. Bf1 Be5 21. g3 h5 22. Bg2 Bxg2 23. Kxg2 Qc8 {
Uzuner,T (1874)-Donmez,Y (1941) Konya TUR 2019 0-1 (34)}) ({RR} 9. Be2 cxd4 10.
Nxd4 a6 11. Nd5 Qd8 12. O-O Nc6 13. Rfd1 f5 14. Nf3 b5 15. cxb5 axb5 16. Bxb5
Rb8 17. a4 Na7 18. Nd4 Bb7 19. Nc3 Re8 20. Bf1 Be5 21. g3 h5 22. Bg2 Bxg2 23.
Kxg2 Qc8 {Uzuner,T (1874)-Donmez,Y (1941) Konya TUR 2019 0-1 (34)}) 9... Qxd2+
10. Nxd2 Na6 11. Ne4 Rd8 12. dxc5 f5 13. Nd6 Kf8 14. O-O-O Nxc5 15. b4 Ne4 16.
Nxe4 fxe4 17. c5 Rb8 18. Nc7 Ke7 19. Bc4 b6 20. cxb6 axb6 21. Nd5+ Kf8 22. Kb1
d6 23. Rc1 Be6 24. Bb3 Rdc8 25. a4 Bxd5 26. Bxd5 Bc3 27. b5 f5 28. g4 Ke7 29.
gxf5 gxf5 30. Rhg1 Kf6 31. h4 Rc5 32. Bc6 d5 33. Rgd1 Rd8 34. Rxd5 Rdxd5 35.
Bxd5 Ke5 36. Bb3 f4 1/2-1/2

[Event "Floripa Chess Open 2024"]
[Site "Florianopolis"]
[Date "2024.01.27"]
[Round "9.13"]
[White "De Oliveira, Gustavo Alfredo Bue"]
[Black "Filgueiras, Nathan Felipe"]
[Result "1/2-1/2"]
[WhiteElo "2147"]
[BlackElo "2321"]
[PlyCount "274"]
[EventDate "2024.01.20"]
[EventRounds "10"]
[EventCountry "BRA"]

1. d4 d5 2. c4 e6 3. Nc3 Nf6 4. Nf3 c6 5. Bg5 h6 6. Bxf6 Qxf6 7. e3 Nd7 8. cxd5
exd5 9. Bd3 Bd6 10. O-O O-O 11. e4 dxe4 12. Nxe4 Qe7 13. Re1 Nf6 14. Ng3 Qc7
15. Ne5 $146 ({RR} 15. Rc1 Bg4 16. Bb1 Bxg3 17. hxg3 Rad8 18. Qd3 Bxf3 19. gxf3
Rd6 20. Rcd1 Rfd8 21. Qe3 Re6 22. Qd3 Red6 23. Qe3 Re6 24. Qd3 Rxe1+ 25. Rxe1
Qd6 26. Rd1 g6 27. Qb3 Kg7 28. Qxb7 Rb8 29. Qxa7 Rxb2 {Farrell,J (2054)
-Tommasini,E (2159) Amsterdam 2015 1/2-1/2 (31)}) 15... Be6 16. Nh5 Nxh5 17.
Qxh5 Rad8 18. Re3 Bxe5 19. dxe5 Rd4 20. Bf5 Qd7 21. Bxe6 fxe6 22. Rf1 Rf5 23.
Qg6 Rg5 24. Qc2 Qd5 25. g3 Rxe5 26. Rxe5 Qxe5 27. Qc1 Qd5 28. a3 Rd2 29. Qc3
Rd1 30. Qb4 Rxf1+ 31. Kxf1 c5 32. Qf4 a6 33. h4 b5 34. Qc7 Kh7 35. Qb6 Qc4+ 36.
Kg2 b4 37. axb4 cxb4 38. Kh2 b3 39. Kh3 h5 40. Kh2 Kg6 41. Qa5 Qe2 42. Qb6 Qxb2
43. Qxe6+ Qf6 44. Qxb3 Qxf2+ 45. Kh3 Qf5+ 46. Kh2 a5 47. Qa4 Kh7 48. Qc6 Qf2+
49. Kh3 Qf1+ 50. Kh2 Qe2+ 51. Kg1 Qd3 52. Kh2 Qe2+ 53. Kg1 Qg4 54. Qc2+ Kh8 55.
Qd3 a4 56. Kh2 Qe6 57. Qd8+ Kh7 58. Qa5 Qe2+ 59. Kh3 Qg4+ 60. Kg2 Kg8 61. Qd5+
Kf8 62. Qd8+ Kf7 63. Qd5+ Kg6 64. Qd3+ Kh6 65. Qe3+ Kh7 66. Qd3+ Qg6 67. Qf3
Qc2+ 68. Kh3 Qc8+ 69. Kg2 Qe8 70. Qf5+ Kh8 71. Qf3 Qb5 72. Qa8+ Kh7 73. Qe4+
Kg8 74. Qe6+ Kf8 75. Qd6+ Kf7 76. Qc7+ Kf6 77. Qf4+ Ke6 78. Qe4+ Kf7 79. Qf3+
Ke7 80. Qe4+ Kd8 81. Qd4+ Qd7 82. Qb6+ Kc8 83. Qc5+ Kb8 84. Qxh5 a3 85. Qa5
Qc6+ 86. Kh2 Qc2+ 87. Kh3 a2 88. Qb5+ Kc7 89. Qe5+ Kc6 90. Qe6+ Kb5 91. Qd5+
Kb4 92. Qb7+ Kc4 93. Qf7+ Kd3 94. Qd5+ Ke2 95. Qg2+ Kd1 96. Qf1+ Kd2 97. Qf4+
Ke2 98. Qe5+ Kd2 99. Qf4+ Kc3 100. Qe5+ Kb3 101. Qb5+ Ka3 102. Qa5+ Qa4 103.
Qc3+ Qb3 104. Qc1+ Kb4 105. Qd2+ Ka4 106. Qd4+ Kb5 107. Qd7+ Kc5 108. Qc7+ Kb4
109. Qd6+ Kc3 110. Qe5+ Kc2 111. Qe2+ Kb1 112. Qe1+ Kb2 113. Qd2+ Qc2 114. Qb4+
Kc1 115. Qe1+ Qd1 116. Qc3+ Qc2 117. Qa1+ Kd2 118. Qd4+ Ke2 119. Qe5+ Kd3 120.
Qf5+ Kc3 121. Qe5+ Kc4 122. Qe6+ Kb5 123. Qd5+ Kb6 124. Qd6+ Kb7 125. Qb4+ Kc6
126. Qa5 Kd7 127. Qd5+ Ke7 128. Qe5+ Kf8 129. Qd6+ Kf7 130. Qd5+ Kf6 131. Qd6+
Kf7 132. Qd5+ Kf6 133. Qd6+ Kf7 134. Qd5+ Kg6 135. Qg5+ Kh7 136. Qh5+ Kg8 137.
Qe8+ Kh7 1/2-1/2

[Event "Floripa Chess Open 2024"]
[Site "Florianopolis"]
[Date "2024.01.27"]
[Round "9.14"]
[White "Tomiello, Lucas Costamilan"]
[Black "Curi, Gabriel"]
[Result "1/2-1/2"]
[WhiteElo "2306"]
[BlackElo "2069"]
[PlyCount "79"]
[EventDate "2024.01.20"]
[EventRounds "10"]
[EventCountry "BRA"]

1. e4 e6 2. d4 d5 3. Nd2 Nf6 4. e5 Nfd7 5. f4 c5 6. c3 Nc6 7. Ndf3 Be7 8. Bd3
Qa5 9. Ne2 cxd4 10. Nexd4 Nc5 11. Bc2 Nxd4 12. Nxd4 Qa6 13. Be3 Bd7 14. a4 b6
15. Qe2 $146 ({RR} 15. g3 O-O 16. Kf2 f5 17. h3 Qc8 18. g4 Be8 19. gxf5 Ne4+
20. Kg2 exf5 21. Nxf5 Rxf5 22. Qxd5+ Bf7 23. Qxe4 Bg6 24. Qd5+ Bf7 25. Qf3 Bh5
26. Qg3 Qc6+ 27. Kh2 Raf8 28. Rhg1 Qh6 29. Bxf5 Rxf5 {Kinlay,J-Jacoby,G
Hastings 1976 1-0 (35)}) 15... Qxe2+ 16. Kxe2 a5 17. f5 O-O 18. Rhf1 f6 19.
fxe6 Nxe6 20. Nf5 Bd8 21. Bb3 Kh8 22. Bxd5 Rb8 23. c4 fxe5 24. Nd6 Bf6 25. Ne4
Nf4+ 26. Bxf4 exf4 27. Nxf6 Rxf6 28. Kd2 g5 29. b3 Bc6 30. Bxc6 Rxc6 31. Kc3
Re8 32. Rae1 Rce6 33. Rxe6 Rxe6 34. h4 Re3+ 35. Kd4 h6 36. hxg5 hxg5 37. Rb1
Re2 38. Rg1 Re3 39. Rb1 Re2 40. Rg1 1/2-1/2

[Event "Floripa Chess Open 2024"]
[Site "Florianopolis"]
[Date "2024.01.27"]
[Round "9.15"]
[White "Soriano Quispe, Ivan Excender"]
[Black "Silverio, Vitor Luis De Jesus"]
[Result "1/2-1/2"]
[WhiteElo "2271"]
[BlackElo "1773"]
[PlyCount "115"]
[EventDate "2024.01.20"]
[EventRounds "10"]
[EventCountry "BRA"]

1. e4 {Marin,M} c5 2. Nc3 d6 3. Nge2 Nf6 4. g3 Nc6 5. Bg2 g6 6. O-O Bg7 7. d3
O-O 8. f4 Rb8 9. h3 Nd7 10. g4 ({RR} 10. a4 a6 11. f5 ({RR} 11. g4 b5 12. axb5
axb5 13. Ng3 ({RR} 13. e5 Nd4) 13... b4 ({RR} 13... c4 14. dxc4 bxc4 15. Kh2
Nd4 16. Ra2 Nb5 17. Bd2 Nc5 18. Nxb5 Rxb5 19. Bc3 Bxc3 20. bxc3 Ra5 21. Qa1
Rxa2 22. Qxa2 Bb7 23. Rd1) 14. Nce2 Bb7 ({RR} 14... Qb6 15. Kh1 Ba6 16. f5 Ra8
17. Nf4 c4) 15. f5 Ra8 16. Rxa8 Qxa8 17. c3 bxc3 18. bxc3 Qa2) 11... b5 12.
axb5 axb5 13. g4 b4 ({RR} 13... e6 14. g5 Be5 15. f6 Qb6 ({RR} 15... b4 16. Nb1
) 16. Kh1 Bb7 17. Nf4 Nd4 18. Nce2 Nxe2 19. Qxe2 Ra8 20. Rb1 c4 21. h4 cxd3 22.
cxd3 Bxf4 ({RR} 22... Rfc8 23. h5) ({RR} 22... h5 23. Nxh5) ({RR} 22... h6) 23.
Bxf4 h5 24. gxh6 Kh7 25. Be3 Qa6 26. d4) 14. Nd5 e6 ({RR} 14... Nb6 15. Nef4
Nxd5 16. Nxd5 Bd4+ ({RR} 16... e6 17. f6 Bh8 18. Bh6 exd5 19. exd5 Nd4 20. Bxf8
Kxf8 21. g5) 17. Kh1 e6 18. Ne3 Bf6 19. Nc4) 15. Ne3 Nd4 16. Nf4 Nb6 ({RR} 
16... Qe7 17. Bd2 Nb5 18. Nc4 ({RR} 18. Ra2 Bb7 19. Qf3 Ra8) 18... Nb6 19. Nxb6
Rxb6 20. Ra2 Ra6) 17. Bd2 Nb5 18. Ra2 Re8 ({RR} 18... Ra8 19. Rxa8 Nxa8 20. Bc1
) 19. Qf3 d5 ({RR} 19... Nd4 20. Qf2 ({RR} 20. Qd1) 20... exf5 21. gxf5 Bf6 22.
Be1 Nxf5 23. exf5 ({RR} 23. Nxf5 Bxf5) 23... Rxe3) 20. exd5 ({RR} 20. Nxe6 Bxe6
({RR} 20... dxe4 21. Qf4 Bxe6 22. fxe6 f6 23. Bxe4) ({RR} 20... fxe6 21. f6)
21. fxe6 fxe6 22. exd5 Rf8 23. Qg3 exd5 24. Rxf8+ Bxf8 25. g5) 20... exf5 21.
gxf5 Nd4 22. Qf2 Nxf5 23. Nxf5 Bxf5 24. c3 bxc3 {Ponomariov,R (2741)-Dominguez
Perez,L (2726) Tashkent 2012 CBM 152 [Marin,M] 1-0 (37)}) 10... Nd4 ({RR} 10...
b5 11. Ng3 b4 12. Nce2 Nd4 13. Nxd4 Bxd4+ 14. Kh1 e6 15. f5 Qh4 16. Ne2 Bg7 17.
Bf4 Be5 18. Qd2 Bxf4 19. Rxf4 Qh6 20. fxe6 Ne5 21. exf7+ Rxf7 22. Kg1 Bxg4 23.
hxg4 Rbf8 24. Raf1 Nxg4 25. R1f3 {Wieczorek,O (2505)-Mazurkiewicz,M (2163)
chess.com INT 2023 1-0 (43)}) 11. Nxd4 cxd4 12. Ne2 Qc7 $146 ({RR} 12... b5 13.
Ng3 Bb7 14. f5 Rc8 15. Bf4 e5 16. Bd2 Bf6 17. a4 Bh4 18. Kh2 a6 19. axb5 axb5
20. Bh6 Re8 21. Qf3 f6 22. fxg6 hxg6 23. Nf5 Bg5 24. Bxg5 fxg5 25. Nxd6 Rf8 26.
Qd1 Rb8 27. Qb1 {Li,R (2583)-Raja,H (2442) Philadelphia USA 2018 1-0 (31)}) 13.
f5 b5 14. Bg5 Re8 15. Qd2 Bb7 16. Bh6 Bh8 17. Rac1 b4 18. Qf4 Ne5 19. Kh1 Qb6
20. fxg6 fxg6 21. Qf2 Bg7 22. Bxg7 Kxg7 23. Qxd4 Rf8 24. Qxb6 axb6 25. Nf4 Bc8
26. Nd5 Rxf1+ 27. Rxf1 Nc6 28. a3 bxa3 29. bxa3 Be6 30. Nf4 Bf7 31. Ne2 Ne5 32.
Rb1 Rc8 33. Rb2 Nd7 34. Nd4 Kf6 35. Kg1 Ke5 36. Rb4 Rc3 37. a4 Ra3 38. Ne2 Ra2
39. Nd4 Kf6 40. h4 h6 41. Kh2 e5 42. Nb5 Ke7 43. g5 hxg5 44. hxg5 Rxc2 45. Na7
Kd8 46. Kg3 Be6 47. Bf1 Rc3 48. Nb5 Rc1 49. Kf2 Ke7 50. d4 exd4 51. Nxd4 Rc5
52. Rb5 Rxb5 53. Bxb5 Nc5 54. Nc6+ Kf8 55. Ke3 Bb3 56. a5 bxa5 57. Nxa5 Bc2 58.
Nc4 1/2-1/2

[Event "Floripa Chess Open 2024"]
[Site "Florianopolis"]
[Date "2024.01.27"]
[Round "9.16"]
[White "Jordao Barbosa, Marcio"]
[Black "Diaz Villagran, Robert"]
[Result "1/2-1/2"]
[WhiteElo "2146"]
[BlackElo "2268"]
[PlyCount "63"]
[EventDate "2024.01.20"]
[EventRounds "10"]
[EventCountry "BRA"]

1. e4 e5 2. Nf3 Nc6 3. Bc4 Be7 4. c3 Nf6 5. d3 O-O 6. O-O d6 7. Bb3 h6 8. h3
Nh7 9. Nbd2 ({RR} 9. Be3 Kh8 10. d4 f5 11. exf5 e4 12. Nh2 Bxf5 13. Nd2 Qe8 14.
Bc2 Nf6 15. Ng4 d5 16. f3 Qg6 17. fxe4 Bxg4 18. e5 Bxd1 19. Bxg6 Bh5 20. exf6
Bxg6 21. fxe7 Rfe8 22. Bf4 Rxe7 23. Rae1 Rae8 {Movsesian,S (2732)-Aronian,L  
(2757) Nanjing 2008 1/2-1/2 (32)}) ({RR} 9. Re1 Ng5 10. Nbd2 Kh8 11. d4 Bf6 12.
dxe5 Nxe5 13. Nxe5 Bxe5 14. Nc4 Bf6 15. e5 dxe5 16. Qxd8 Rxd8 17. Bxg5 hxg5 18.
Nxe5 Bxe5 19. Rxe5 f6 20. Re7 Bd7 21. Rd1 Bc6 22. Rxc7 a5 23. a4 Rxd1+ {
Alekseev,E (2575)-Artemiev,V (2701) Sochi RUS 2022 1-0 (67)}) 9... Kh8 10. d4
Bf6 $146 ({RR} 10... Ng5 11. Nxg5 Bxg5 12. dxe5 dxe5 13. Qe2 Bf4 14. Nc4 Qg5
15. Qf3 Bxc1 16. Raxc1 f5 17. Ne3 Ne7 18. Rcd1 Ng6 19. Qg3 Qh5 20. exf5 Bxf5
21. Nxf5 Rxf5 22. Rd7 Rg5 23. Bd1 Qh4 24. Qxh4 Nxh4 25. g3 {Martos Exposito,M 
(2016)-Millan Urrutia,J (2022) Mancha Real 2001 1-0 (42)}) ({RR} 10... Ng5 11.
Bd5 exd4 12. cxd4 Nb4 13. Bb3 Nd3 14. Qc2 Nxc1 15. Raxc1 Nxf3+ 16. Nxf3 c6 17.
e5 d5 18. Qd3 Be6 19. Bc2 g6 20. Nh2 Qd7 21. f4 f5 22. exf6 Bxf6 23. Nf3 Bf5
24. Qd2 Bxc2 25. Qxc2 {Yakovich,Y (2450)-Sorokin,M (2380) Kursk 1987 1-0 (42)})
11. Nc4 Qe8 12. dxe5 Nxe5 13. Nfxe5 dxe5 14. Be3 Qe7 15. Qe2 Ng5 16. Bc2 b6 17.
Rad1 Ba6 18. b3 Ne6 19. g3 Ng5 20. Kg2 Qe6 21. Rh1 Qc6 22. Bc1 Ne6 23. Rd5 Rfd8
24. Rhd1 Bxc4 25. bxc4 Qe8 26. Be3 c6 27. Rxd8 Rxd8 28. Ba4 Rxd1 29. Qxd1 Be7
30. Qh5 Bd6 31. Qf5 Kg8 32. h4 1/2-1/2

[Event "Floripa Chess Open 2024"]
[Site "Florianopolis"]
[Date "2024.01.27"]
[Round "9.17"]
[White "Silva, Guilherme Henrique"]
[Black "Dos Santos Dutra, Fernando Junior Fre"]
[Result "0-1"]
[WhiteElo "2068"]
[BlackElo "2262"]
[PlyCount "140"]
[EventDate "2024.01.20"]
[EventRounds "10"]
[EventCountry "BRA"]

1. e4 c5 2. Nf3 d6 3. Bb5+ Bd7 4. Bxd7+ Nxd7 5. O-O Ngf6 6. Qe2 Rc8 7. Rd1 e6
8. d4 cxd4 9. Nxd4 a6 10. c4 Be7 11. b3 O-O 12. Bb2 Re8 $146 ({RR} 12... Nb6
13. Nc3 Qc7 14. Rac1 h6 15. Kh1 Rfd8 16. f3 Bf8 17. Qe3 Nbd7 18. Nc2 Qa5 19.
Qe2 Ne5 20. Ne3 Nc6 21. Rc2 Na7 22. Rcd2 b5 23. f4 b4 24. Na4 Nxe4 25. Bd4 Nc5
26. Bxc5 dxc5 27. f5 {Cespedes Llaverias,L (1986)-Laddha,Y (1592) Barbera del
Valles ESP 2019 1/2-1/2 (39)}) ({RR} 12... Nb6 13. Nc3 Qc7 14. Rac1 h6 15. Kh1
Rfd8 16. f3 Bf8 17. Qe3 Nbd7 18. Nc2 Qa5 19. Qe2 Ne5 20. Ne3 Nc6 21. Rc2 Na7
22. Rcd2 b5 23. f4 b4 24. Na4 Nxe4 25. Bd4 Nc5 26. Bxc5 dxc5 27. f5 {Cespedes
Llaverias,L (1986)-Laddha,Y (1592) Barbera del Valles ESP 2019 1/2-1/2 (39)})
13. Nc3 Bf8 14. Rac1 Qa5 15. a3 Qh5 16. Qxh5 Nxh5 17. g3 Rc7 18. a4 Rec8 19.
Ba3 Nhf6 20. Nc2 Nc5 21. Bxc5 Rxc5 22. Ne3 h5 23. Kg2 Be7 24. f4 Ne8 25. Rd3
R5c6 26. Rcd1 Kf8 27. Kf3 Rb6 28. Ne2 Rbc6 29. h3 Nf6 30. g4 Ke8 31. b4 R6c7
32. a5 hxg4+ 33. hxg4 g5 34. Rh1 gxf4 35. Rh8+ Kd7 36. Rxc8 Kxc8 37. Kxf4 Nd7
38. Rd1 Ne5 39. Rh1 Nd3+ 40. Kf3 Nxb4 41. Rh8+ Kd7 42. Rh7 Nc6 43. Kg3 Ke8 44.
Rh8+ Kd7 45. c5 Nxa5 46. Rh7 dxc5 47. Rxf7 Ke8 48. Rf1 Bd6+ 49. Kh4 Rh7+ 50.
Kg5 Be5 51. Kg6 Rh2 52. Ng1 Bd4 53. Nf3 Re2 54. Nd1 Rxe4 55. g5 Rf4 56. Nd2
Rxf1 57. Nxf1 c4 58. Nde3 b5 59. Nc2 Bc3 60. Ng3 Nc6 61. Ne4 Be5 62. Kh7 b4 63.
g6 c3 64. Ne3 Ne7 65. Nc5 Bd4 66. Nxe6 Bxe3 67. g7 c2 68. Nc7+ Kf7 69. Nd5 Bd4
70. Nf6 c1=Q 0-1